The British year book of international law 1938 : (Record no. 52795)
[ view plain ]
| 000 -LEADER | |
|---|---|
| fixed length control field | 00811nam a2200241 a 4500 |
| 001 - CONTROL NUMBER | |
| control field | 52795 |
| 003 - CONTROL NUMBER IDENTIFIER | |
| rucl marc code | BD-RjUL |
| 005 - DATE AND TIME OF LATEST TRANSACTION | |
| control field | 20211209075848.0 |
| 008 - FIXED-LENGTH DATA ELEMENTS--GENERAL INFORMATION | |
| fixed length control field | 161002s1938 nyua 000 0 eng |
| 035 ## - SYSTEM CONTROL NUMBER | |
| System control number | (BD-RjUL)52915 |
| 040 ## - CATALOGING SOURCE | |
| Original cataloging agency | DLC/ICU |
| Transcribing agency | ICU |
| Modifying agency | DLC |
| -- | BD-RjUL |
| Language of cataloging | eng |
| 041 ## - LANGUAGE CODE | |
| Language code of text/sound track or separate title | eng |
| 082 00 - DEWEY DECIMAL CLASSIFICATION NUMBER | |
| Classification number | 341 |
| Edition number | 23 |
| Author mark and year | BRI 1938 |
| 245 10 - TITLE STATEMENT | |
| Title | The British year book of international law 1938 : |
| Remainder of title | Nineteenth year of issue / |
| 246 ## - VARYING FORM OF TITLE | |
| Title proper/short title | British yearbook of international law |
| 260 ## - PUBLICATION, DISTRIBUTION, ETC. (IMPRINT) | |
| Place of publication, distribution, etc. | London : |
| Name of publisher, distributor, etc. | Hodder and Stoughton, |
| Date of publication, distribution, etc. | 1938 |
| 300 ## - PHYSICAL DESCRIPTION | |
| Pagination | vi, 314 p. ; |
| Size | 25 cm. |
| 504 ## - BIBLIOGRAPHY, ETC. NOTE | |
| Bibliography, etc | Includes Index and Bibliography |
| 650 #0 - SUBJECT ADDED ENTRY--TOPICAL TERM | |
| Topical term or geographic name as entry element | International law |
| Form subdivision | Periodicals. |
| 9 (RLIN) | 157884 |
| 710 ## - ADDED ENTRY--CORPORATE NAME | |
| Corporate name or jurisdiction name as entry element | Royal Institute of International Affairs. |
| 9 (RLIN) | 158370 |
| Corporate name or jurisdiction name as entry element | British Institute of International Affairs. |
| 9 (RLIN) | 140423 |
| 942 ## - ADDED ENTRY ELEMENTS (KOHA) | |
| Source of classification or shelving scheme | Dewey Decimal Classification |
| Koha item type | Books |
| Lost status | Source of classification or shelving scheme | Damaged status | Not for loan | Collection code | Permanent Location | Current Location | Shelving location | Date acquired | Source of acquisition | Cost, normal purchase price | Total Checkouts | Full call number | Date last seen | Copy number | Koha item type |
|---|---|---|---|---|---|---|---|---|---|---|---|---|---|---|---|
| Dewey Decimal Classification | Non-fiction | Central Library, University of Rajshahi | Central Library, University of Rajshahi | 09/08/1955 | O.U.P | 12.00 | 341 BRI 1938 | 02/10/2016 | C-2 | Books |